<?xml version="1.0" encoding="UTF-8"?><?xml-stylesheet type="text/xsl" href="static/style.xsl"?><OAI-PMH xmlns="http://www.openarchives.org/OAI/2.0/" xmlns:xsi="http://www.w3.org/2001/XMLSchema-instance" xsi:schemaLocation="http://www.openarchives.org/OAI/2.0/ http://www.openarchives.org/OAI/2.0/OAI-PMH.xsd"><responseDate>2026-06-07T11:31:11Z</responseDate><request verb="GetRecord" identifier="oai:docta.ucm.es:20.500.14352/64952" metadataPrefix="marc">https://docta.ucm.es/rest/oai/request</request><GetRecord><record><header><identifier>oai:docta.ucm.es:20.500.14352/64952</identifier><datestamp>2023-08-28T06:36:13Z</datestamp><setSpec>com_20.500.14352_14</setSpec><setSpec>col_20.500.14352_15</setSpec></header><metadata><record xmlns="http://www.loc.gov/MARC21/slim" xmlns:dcterms="http://purl.org/dc/terms/" xmlns:xsi="http://www.w3.org/2001/XMLSchema-instance" xmlns:doc="http://www.lyncode.com/xoai" xsi:schemaLocation="http://www.loc.gov/MARC21/slim http://www.loc.gov/standards/marcxml/schema/MARC21slim.xsd">
   <leader>00925njm 22002777a 4500</leader>
   <datafield ind2=" " ind1=" " tag="042">
      <subfield code="a">dc</subfield>
   </datafield>
   <datafield ind2=" " ind1=" " tag="720">
      <subfield code="a">Duran, Adrian</subfield>
      <subfield code="e">author</subfield>
   </datafield>
   <datafield ind2=" " ind1=" " tag="720">
      <subfield code="a">Calvo Padilla, María Luisa</subfield>
      <subfield code="e">author</subfield>
   </datafield>
   <datafield ind2=" " ind1=" " tag="260">
      <subfield code="c">1975</subfield>
   </datafield>
   <datafield ind2=" " ind1=" " tag="520">
      <subfield code="a">Rigorous approximation techniques for the scattering of a classical electromagnetic wave by fixed obstacles are studied. For that purpose, a new Green's function G^T is introduced, which is divergenceless throughout all space and, hence, less singular at short distances than the one commonly used Γ. The two scattering integral equations for the total electric field with G^T and Γ respectively, as well as their iterations, are studied comparatively. It is concluded that the iterations of the integral equation containing G^T converge under more general conditions than those for the one containing Γ, so that G^T is, for rigorous studies, more suitable than Γ.</subfield>
   </datafield>
   <datafield ind2=" " ind1=" " tag="520">
      <subfield code="a">Si studiano tecniche di approssimazione rigorose per lo scattering di un'onda eletromagnetica classica su ostacoli fissi. A questo scopo si introduce una nuova funzione di Green G^T che è priva di divergenza in tutto lo spazio e quindi meno singolare a brevidistanze di quella Γ usata comunemente. Si studiano comparativamente le due equazioni integrali dello scattering per il campo elettrico tolate, rispettivamente con G^T e Λ, e le loro iterazioni. Si conclude che le iterazioni dell'equazione integrale contenente G^T convergono in condizioni più generali di quelle dell'equazione contenente Γ, cosicché G^T è, per studi rigorosi, più adatta di Γ.</subfield>
   </datafield>
   <datafield ind2=" " ind1=" " tag="520">
      <subfield code="a">Исследуются строгие приближенные методы для рассеяния классической электромагнитной волы на фиксированных объектах. Для этой цели вводится новая функция Грина G^T , которая не расходится во всем пространстве и, следовательно, является менее сингулярной на малых расстояниях по сравнению с обычно используемой функцией Γ. Проводится сраанительный аналйз двух интегральных уравнений процесса рассеяния для полного электрического ооля соответственно с G^T и Γ, а также рассматриваются итерации этих уравнений. Утверждается, что итерации интегрального уравнения, содержащего G^T , сходятся при долее одших условиях, чем итерации для уравнения, содержащего Γ. Таким образом, функция G^T является более удобоой, чем Γ.</subfield>
   </datafield>
   <datafield ind1="8" ind2=" " tag="024">
      <subfield code="a">0369-3554</subfield>
   </datafield>
   <datafield ind1="8" ind2=" " tag="024">
      <subfield code="a">10.1007/BF02728311</subfield>
   </datafield>
   <datafield ind1="8" ind2=" " tag="024">
      <subfield code="a">https://hdl.handle.net/20.500.14352/64952</subfield>
   </datafield>
   <datafield ind1="8" ind2=" " tag="024">
      <subfield code="a">http://dx.doi.org/10.1007/BF02728311</subfield>
   </datafield>
   <datafield ind1="8" ind2=" " tag="024">
      <subfield code="a">http://link.springer.com/</subfield>
   </datafield>
   <datafield ind2="0" ind1="0" tag="245">
      <subfield code="a">On the rigorous approximation methods for electromagnetic-wave scattering by fixed obstacles</subfield>
   </datafield>
</record></metadata></record></GetRecord></OAI-PMH>